مكتبة جامعة عجلون الوطنية

فهرس بحث المكتبة

Normal view MARC view
  • اللغة العربية - نحو - اللغة العربية - بلاغة - اللغة العربية - عروض

Entry Topical Term

Number of records used in: 1

001 - CONTROL NUMBER

  • control field: 20301

003 - CONTROL NUMBER IDENTIFIER

  • control field: JO-AjAnu

005 - DATE AND TIME OF LATEST TRANSACTION

  • control field: 20230606073532.0

008 - FIXED-LENGTH DATA ELEMENTS

  • fixed length control field: 230606|| aca||aabn | a|a d

040 ## - CATALOGING SOURCE

  • Original cataloging agency: JO-AjAnu
  • Transcribing agency: JO-AjAnu

150 ## - HEADING--TOPICAL TERM

  • Topical term or geographic name entry element: اللغة العربية - نحو - اللغة العربية - بلاغة - اللغة العربية - عروض

670 ## - SOURCE DATA FOUND

  • Source citation: Work cat.: (JO-AjAnu)10424: الهنداوي، خليل ، م.مشارك عبد الرحمن عطية، م.مشارك فاضل ضياء, author 20300, نماذج تطبيقية في الإعراب والبلاغة والعروض والشرح الأدبي